Malayala bhasha patanagal : (Record no. 70461)

MARC details
000 -LEADER
fixed length control field 00729nam a2200229Ia 4500
003 - CONTROL NUMBER IDENTIFIER
control field OSt
005 - DATE AND TIME OF LATEST TRANSACTION
control field 20241017142332.0
008 - FIXED-LENGTH DATA ELEMENTS--GENERAL INFORMATION
fixed length control field 210331s9999||||xx |||||||||||||| ||und||
020 ## - INTERNATIONAL STANDARD BOOK NUMBER
International Standard Book Number 818759019X
040 ## - CATALOGING SOURCE
Transcribing agency STCPL
041 ## - LANGUAGE CODE
Language code of text/sound track or separate title Malayalam
082 ## - DEWEY DECIMAL CLASSIFICATION NUMBER
Classification number M4
Item number SAM-M
100 ## - MAIN ENTRY--PERSONAL NAME
Personal name Sam, N
Author in other language എൻ.സാം
245 #0 - TITLE STATEMENT
Title Malayala bhasha patanagal :
Remainder of title vyakaranavum vasthuthakalum /
Statement of responsibility, etc. by N.Sam
Title in other language മലയാള ഭാഷാപഠനങ്ങള്‍ വ്യാകരണവും വസ്തുതകളും
260 ## - PUBLICATION, DISTRIBUTION, ETC.
Place of publication, distribution, etc. Thiruvananthapuram :
Name of publisher, distributor, etc. International Center For Kereala Studies ,
Date of publication, distribution, etc. 2010 .
300 ## - PHYSICAL DESCRIPTION
Extent 360 p.
Other physical details Paper Back
650 ## - SUBJECT ADDED ENTRY--TOPICAL TERM
Topical term or geographic name entry element Malayalam literature
650 ## - SUBJECT ADDED ENTRY--TOPICAL TERM
Topical term or geographic name entry element Essays
942 ## - ADDED ENTRY ELEMENTS (KOHA)
Koha item type Books
041 ## - LANGUAGE CODE
Language code of original Malayalam
942 ## - ADDED ENTRY ELEMENTS (KOHA)
Source of classification or shelving scheme Dewey Decimal Classification
Holdings
Withdrawn status Lost status Source of classification or shelving scheme Damaged status Collection code Not for loan Home library Current library Shelving location Date acquired Cost, normal purchase price Total Checkouts Full call number Barcode Date last seen Date last checked out Price effective from Koha item type
    Dewey Decimal Classification   Malayalam   ST. THOMAS COLLEGE LIBRARY, PALAI ST. THOMAS COLLEGE LIBRARY, PALAI Malayalam 2021-07-10 220.00 3 M4 SAM-M 86870 2022-11-23 2022-11-04 2021-07-10 Books
Rights reserved ©2021 ST. THOMAS COLLEGE LIBRARY
A joint venture of - St. Thomas College Library and
Department of Computer Science, St. Thomas Collge Palai